|
|
|
|
| LEADER |
00000nas a2200000 a 4500 |
| 001 |
ssj0045777 |
| 003 |
WaSeSS |
| 005 |
20200512172242.0 |
| 006 |
m d |
| 007 |
cr n |
| 008 |
050715c20009999it fr pss 0 a0ita c |
| 010 |
|
|
|a 2006249071
|
| 016 |
7 |
|
|a 2093019-7
|2 DE-600
|
| 022 |
|
|
|a 1593-2214
|l 1593-2214
|
| 035 |
|
|
|a (WaSeSS)ssj0045777
|
| 040 |
|
|
|a FXG
|b eng
|c FXG
|d FXG
|d CUS
|d ZYU
|d OCLCQ
|d OCLCF
|d CUS
|d SNU
|d DEBBG
|d OCLCQ
|d CUS
|d OCLCQ
|d NTG
|d AU@
|d OCLCQ
|d FIE
|d VT2
|d OCLCQ
|d WaSeSS
|
| 041 |
0 |
|
|a ita
|a eng
|
| 042 |
|
|
|a pcc
|
| 050 |
1 |
4 |
|a CB351
|b .R48
|
| 210 |
0 |
|
|a RM Riv.
|
| 222 |
|
0 |
|a RM Rivista
|
| 245 |
0 |
0 |
|a Reti medievali rivista
|h [electronic resource] :
|b RM rivista.
|
| 246 |
1 |
|
|i Issues for 2000:1-2003:2 initially entitled:
|a Reti medievali journal
|
| 246 |
3 |
|
|a RM rivista
|
| 246 |
3 |
|
|a RM journal
|
| 260 |
|
|
|a [Florence, Italy] :
|b Firenze University Press,
|c ©2000-
|
| 310 |
|
|
|a Semiannual
|
| 362 |
0 |
|
|a 1/1 (magg./dic. 2000)-
|
| 500 |
|
|
|a Title from table of contents page (Reti Medievali, viewed July 15, 2005).
|
| 506 |
|
|
|a License restrictions may limit access.
|
| 538 |
|
|
|a Mode of access: World Wide Web.
|
| 546 |
|
|
|a Italian, English, German, French, and Spanish.
|
| 550 |
|
|
|a Issued by: Associazione Culturale Reti Medievali - ONLUS.
|
| 580 |
|
|
|a Earlier issues later reformatted with current title.
|
| 588 |
|
|
|a Latest issue consulted: 6/2 (luglio/dic. 2005) (publisher's Web site, viewed May 11, 2006).
|
| 650 |
|
0 |
|a Middle Ages
|v Periodicals.
|
| 650 |
|
0 |
|a Civilization, Medieval
|v Periodicals.
|
| 650 |
|
7 |
|a Civilization, Medieval.
|2 fast
|0 (OCoLC)fst00863049
|
| 650 |
|
7 |
|a Middle Ages.
|2 fast
|0 (OCoLC)fst01020301
|
| 655 |
|
0 |
|a Electronic journals.
|
| 710 |
2 |
|
|a Associazione culturale Reti Medievali--ONLUS.
|
| 856 |
4 |
0 |
|z Full text available from Research Library: 01/01/2014 to present
|u https://search.proquest.com/publication/2028928
|